000 00696nam a22001937a 4500
003 NUST - PNEC
005 20170116181205.0
008 160301b xxu||||| |||| 00| 0 eng d
020 _a0198563752
040 _cLIBRARY
082 _a621.38224 DEG
100 _916669
_aDegauque, Pierre
245 _aElectromagnetic compatibility
_cPierre Degauque
260 _aNew York
_bOxford University Press
_cc.1993
300 _a652 p. :
650 _916668
_aElectromagnetic compatibility
_xEE / EL
856 _uhttp://www.amazon.com/Electromagnetic-Compatibility-Lingua-Franca-Language/dp/0198563752/ref=sr_1_1?s=books&ie=UTF8&qid=1456811442&sr=1-1&keywords=Degauque%2C+Pierre
942 _2ddc
_cBK
999 _c71597
_d71597